00397nam a2200097Ia 4500008004100000100002900041245012600070260003300196650000900229856006100238160909s9999 xx 000 0 und d aGrocke, Michelle Ursula, aOn the Road to Better Health? Impacts of New Market Access on Food Security, Nutrition, and Well-Being in Nepal, Himalaya bUniversity of Montana.c2016 aFOOD uhttp://pqdtopen.proquest.com/doc/1801956469.html?FMT=ABS